[Event "IECC Swiss email"]
[Site "IECC email"]
[Date "2001.08.20"]
[Round "?"]
[White "Myatt, John R"]
[Black "Vesciunas, Tomas"]
[Result "0-1"]
[WhiteElo "1489"]
[BlackElo "1875"]
[PlyCount "74"]
[EventDate "2001.??.??"]
[EventType "tourn (corr)"]
[EventRounds "6"]
[SourceTitle "Corr 2008"]
[Source "ChessBase"]
[SourceDate "2008.06.24"]
[SourceVersion "1"]
[SourceVersionDate "2008.06.24"]
[SourceQuality "1"]

1. d4 Nf6 2. c4 e6 3. g3 Bb4+ 4. Nc3 c5 5. Bg2 0-0 6. d5 Bxc3+ 7. bxc3 e5 8. e4 d6 9. h3 Qa5 10. Qd3 Nbd7 11. Bf3 b6 12. g4 Ba6 13. g5 Ne8 14. Bg4 Qa4 15. Be2 Nc7 16. h4 b5 17. h5 bxc4 18. Qg3 Qc2 19. Rh4 f6 20. Bd2 Rab8 21. Bd1 Qb2 22. Rc1 Qxa2 23. Rg4 f5 24. exf5 Rxf5 25. Bc2 Rff8 26. Ne2 Rb2 27. Bxh7+ Kxh7 28. Rd1 Nxd5 29. g6+ Kg8 30. h6 N7f6 31. hxg7 Kxg7 32. Rh4 Rh8 33. Rxh8 Kxh8 34. Qh3+ Kg7 35. Qh6+ Kg8 36. Ng3 Rb1 37. Bc1 Qc2 0-1